Neurosis en la familia: y patrones de defensa psicosocial: un estudio de epidemiología psiquiátrica

Saved in:
Bibliografiske detaljer
Hovedforfatter: Erhenwald, Jan (Author)
Format: Bog
Sprog:spansk
Udgivet: Ciudad de México Siglo Veintiuno 1977
Udgivelse:3a. ed
Serier:Psicología y etiología
Fag:
Tags: Tilføj Tag
Ingen Tags, Vær først til at tagge denne postø!

MARC

LEADER 00000nam a2200000 a 4500
001 UCY9326
003 CL-VaPUC
008 950717e19770000MX |||||||||||||||||spa|d
082 0 4 |a 616.8915  |b EHR  |2 21 
100 0 |a Erhenwald, Jan  |e author  |9 341394 
245 1 0 |a Neurosis en la familia: y patrones de defensa psicosocial: un estudio de epidemiología psiquiátrica 
250 |a 3a. ed 
300 |a 260 p 
942 |c BK 
945 |d 19950717 00:00:00  |a mfernand 
260 |a Ciudad de México  |b Siglo Veintiuno  |c 1977 
650 0 |a Neurosis  |9 312889 
650 0 |a Familias   |9 255641 
650 0 |a Vida familiar  |9 308049 
650 7 |a MATRIMONIO  |2 CL-VaPUC  |9 341395 
650 0 |a Psicoterapia familiar  |9 310747 
650 0 |a Relaciones interpersonales  |9 307056 
650 0 |a Psicología social   |9 222894 
583 |a last modification  |c 20180227 06:01:38  |k Rodrigo Vera 
490 0 |a Psicología y etiología 
999 |c 236438  |d 236436 
952 |0 0  |1 0  |4 0  |6 616_891500000000000_EHR_1977  |7 0  |8 P  |9 244526  |a BIBEDU  |b BIBEDU  |c BIBEDU_PB  |d 2019-11-18  |i 1533029  |o 616.8915 EHR 1977  |p 1533029  |r 2024-01-25  |w 2019-11-18  |y BK  |k EDU